Hold your audience : (Record no. 185999)
[ view plain ]
| 000 -LEADER | |
|---|---|
| fixed length control field | 01015 a2200205 4500 |
| 003 - CONTROL NUMBER IDENTIFIER | |
| control field | Nust |
| 005 - DATE AND TIME OF LATEST TRANSACTION | |
| control field | 20230526105354.0 |
| 010 ## - LIBRARY OF CONGRESS CONTROL NUMBER | |
| LC control number | 77027840 |
| 020 ## - INTERNATIONAL STANDARD BOOK NUMBER | |
| International Standard Book Number | 0133925552. |
| -- | 013392548X |
| 040 ## - CATALOGING SOURCE | |
| Transcribing agency | Nust |
| 082 00 - DEWEY DECIMAL CLASSIFICATION NUMBER | |
| Classification number | 808.51,MCC |
| 100 1# - MAIN ENTRY--PERSONAL NAME | |
| Personal name | McCullough, William J. |
| 9 (RLIN) | 112682 |
| 245 10 - TITLE STATEMENT | |
| Title | Hold your audience : |
| Remainder of title | the way to success in public speaking / |
| Statement of responsibility, etc. | William J. McCullough. |
| 260 ## - PUBLICATION, DISTRIBUTION, ETC. | |
| Place of publication, distribution, etc. | Englewood Cliffs, N.J. : |
| Name of publisher, distributor, etc. | Prentice-Hall, |
| Date of publication, distribution, etc. | c1978. |
| 300 ## - PHYSICAL DESCRIPTION | |
| Extent | xi, 282 p. ; |
| Dimensions | 20 cm. |
| 490 0# - SERIES STATEMENT | |
| Series statement | A Spectrum book |
| 505 ## - FORMATTED CONTENTS NOTE | |
| Formatted contents note | The Musts of Effective Speaking (Page-1), The Don t Worries of Effective Speaking (Page-27), The Help Relating to Speech Organization (Page-55), The Helps Relating to Speech Attitudes (Page-104), The Hilps Relating to Speech Techniques (Page-125), The Avoids of Effective Speaking (Page-165), Anatomy of a public Speaker (Page-187), Methods of Instruction (Page-199), Special Speech Situation (Page-221), How to Imp row (Page-269). |
| 650 #0 - SUBJECT ADDED ENTRY--TOPICAL TERM | |
| Topical term or geographic name entry element | Public speaking. |
| 9 (RLIN) | 30004 |
| 942 ## - ADDED ENTRY ELEMENTS (KOHA) | |
| Source of classification or shelving scheme | |
| Koha item type | Book |
| Withdrawn status | Lost status | Source of classification or shelving scheme | Damaged status | Not for loan | Permanent Location | Current Location | Shelving location | Date acquired | Full call number | Barcode | Date last seen | Price effective from | Koha item type | Public note |
|---|---|---|---|---|---|---|---|---|---|---|---|---|---|---|
| Military College of Signals (MCS) | Military College of Signals (MCS) | General Stacks | 12/12/2016 | 808.51,MCC | MCS5672 | 12/08/2016 | 12/12/2016 | Book | Almirah No.56, Shelf No.2 |
